U.S. Cities Over 100,000 - J - Statistics

General Stats
  • This quiz has been taken 115 times
    101 since last reset
  • The average score is 3 of 5
Answer Stats
Pop. City % Correct
173,514 Jackson
98%
821,784 Jacksonville
97%
147,433 Joliet
31%
103,541 Jurupa Valley
28%
247,597 Jersey City
25%
No matching quizzes found
Score Distribution
Percent of People with Each Score
Percentile by Number Answered
Your Score History
You have not taken this quiz since the last reset